Economic review (Record no. 107280)

MARC details
000 -LEADER
fixed length control field 01271cam a22002175a 4500
001 - CONTROL NUMBER
control field L139158
008 - FIXED-LENGTH DATA ELEMENTS--GENERAL INFORMATION
fixed length control field 070723s2007 xxkd f s 000 0 eng d
035 ## - SYSTEM CONTROL NUMBER
System control number (Sirsi) u139158
041 0# - LANGUAGE CODE
Language code of text/sound track or separate title eng
050 04 - LIBRARY OF CONGRESS CALL NUMBER
Classification number 333.33. $2 18
100 1# - MAIN ENTRY--PERSONAL NAME
Personal name Leach, Graeme
245 00 - TITLE STATEMENT
Title Economic review
Remainder of title summer 2007
-- hiss or pop?
Medium [electronic resource]
260 ## - PUBLICATION, DISTRIBUTION, ETC.
Place of publication, distribution, etc. London
Name of publisher, distributor, etc. Institute of Directors
Date of publication, distribution, etc. 2007
520 ## - SUMMARY, ETC.
Summary, etc. Reports the Housing Affordability Index (HAI) which suggests that a sustained period of low house price growth, with reductions in real terms, should be expected. This is seen as more likely than a fall in prices. Although the UK housing market appears expensive, it is more affordable than during the 1989-90 peak. While it is well above average at present, a gradual adjustment towards cheaper valuations within 3-4 years is predicted. Factors affecting what makes house prices acceptable to buyers are identified.
590 ## - LOCAL NOTE (RLIN)
Local note KA NTK
651 #4 - SUBJECT ADDED ENTRY--GEOGRAPHIC NAME
Geographic name United Kingdom
Chronological subdivision
690 ## - LOCAL SUBJECT ADDED ENTRY--TOPICAL TERM (OCLC, RLIN)
Topical term or geographic name as entry element PROPERTY-RESIDENTIAL PROPERTY-RESIDENTIAL PROPERTY MARKET
700 1# - ADDED ENTRY--PERSONAL NAME
Personal name Patterson, Peter
856 40 - ELECTRONIC LOCATION AND ACCESS
Uniform Resource Identifier <a href="https://www.iod.com/is-bin/INTERSHOP.enfinity/eCS/Store/en/-/GBP/IODContentManager-Start?TemplateName=homePage.isml">https://www.iod.com/is-bin/INTERSHOP.enfinity/eCS/Store/en/-/GBP/IODContentManager-Start?TemplateName=homePage.isml</a>
Public note View the item free of charge at www.iod.com...
942 ## - ADDED ENTRY ELEMENTS (KOHA)
Suppress in OPAC 0
Holdings
Withdrawn status Lost status Source of classification or shelving scheme Damaged status Not for loan Home library Current library Shelving location Date acquired Total Checkouts Full call number Barcode Date last seen Copy number Price effective from Koha item type
    Dewey Decimal Classification     Virtual Virtual Online 23/07/2007   ONLINE PUBLICATION 139158-1001 06/08/2019 1 06/08/2019 Book